|
|
|
|
| LEADER |
00875nam a2200193 4500 |
| 005 |
20210117210312.0 |
| 008 |
170131s1997 gr ||||f |||| 000 0 gre d |
| 020 |
|
|
|a 9963381715
|
| 040 |
|
|
|a GR-PaULI
|b gre
|c GR-PaULI
|
| 041 |
0 |
|
|a gre
|
| 082 |
0 |
4 |
|2 23
|a 956.930 4
|
| 245 |
0 |
3 |
|a Το Κυπριακό πρόβλημα :
|b ιστορική αναδρομή και οι τελευταίες εξελίξεις.
|
| 260 |
|
|
|a Λευκωσία :
|b Γραφείο Τύπου και Πληροφοριών,
|c 1997.
|
| 300 |
|
|
|a 291σ. ;
|c 21 εκ.
|
| 650 |
|
4 |
|9 2851
|a Κυπριακό Ζήτημα
|
| 942 |
|
|
|2 ddc
|c BKN
|
| 952 |
|
|
|0 0
|1 0
|2 ddc
|4 0
|6 956_930000000000000_4_ΚΥΠ
|7 1
|9 209399
|a LISP
|b LISP
|c DON
|d 2017-02-01
|e ΔΙΑ
|i 087766
|l 0
|o 956.930 4 ΚΥΠ
|p 025000151778
|r 2017-02-01 00:00:00
|t 1
|y BKN
|x Συλλογή Διακογιάννη
|
| 998 |
|
|
|c ΒΑΣΙΛΕΙΟΥ
|d 2017-02
|
| 999 |
|
|
|c 127427
|d 127427
|